De los delitos y de las penas

Saved in:
Bibliografiske detaljer
Hovedforfatter: Beccaria, Cesare (Author)
Format: Bog
Sprog:spansk
italiensk
Udgivet: Ciudad de México Fondo de Cultura Económica 2000
Fag:
Tags: Tilføj Tag
Ingen Tags, Vær først til at tagge denne postø!

MARC

LEADER 00000nam a2200000 a 4500
001 UCI5286
003 CL-VaPUC
008 080320e20000000MX |||||||||||||||||spa|d
020 |a 9681660633 
041 0 7 |a spa  |2 CL-VaPUC 
041 0 7 |a ita  |2 CL-VaPUC 
082 0 4 |a 364.01  |b BEC  |2 21 
100 0 |a Beccaria, Cesare  |e author  |9 527550 
245 1 0 |a De los delitos y de las penas 
300 |a 327 p 
942 |c BK 
945 |d 20080320 00:00:00  |a rbrito 
260 |a Ciudad de México  |b Fondo de Cultura Económica  |c 2000 
650 0 |a Penas   |9 255927 
650 0 |a Delitos  |9 224143 
650 7 |a DERECHO PENAL  |2 CL-VaPUC  |9 11 
650 0 |a Administración de justicia  |9 382749 
650 0 |a Teoría del delito  |9 258906 
583 |a last modification  |c 20190730 04:48:21  |k Rodrigo Vera 
999 |c 329040  |d 329038 
952 |0 0  |1 0  |4 0  |6 364_010000000000000_BEC_2000  |7 0  |8 A  |9 413328  |a BIBDER  |b BIBDER  |d 2019-11-22  |i 4418050  |o 364.01 BEC 2000  |p 4418050  |r 2023-01-25  |w 2019-11-22  |y BK  |k DER 
952 |0 0  |1 0  |4 0  |6 364_010000000000000_BEC_2000  |7 0  |8 A  |9 413329  |a BIBDER  |b BIBDER  |d 2019-11-22  |i 4418069  |o 364.01 BEC 2000  |p 4418069  |r 2023-01-25  |w 2019-11-22  |y BK  |k DER 
952 |0 0  |1 0  |4 0  |6 364_010000000000000_BEC_2000  |7 0  |8 A  |9 413330  |a BIBDER  |b BIBDER  |d 2019-11-22  |i 4418077  |o 364.01 BEC 2000  |p 4418077  |r 2023-01-25  |w 2019-11-22  |y BK  |k DER 
952 |0 0  |1 0  |4 0  |6 364_010000000000000_BEC_2000  |7 0  |8 A  |9 413331  |a BIBDER  |b BIBDER  |d 2019-11-22  |i 4418085  |o 364.01 BEC 2000  |p 4418085  |r 2023-01-25  |w 2019-11-22  |y BK  |k DER 
952 |0 0  |1 0  |4 0  |6 364_010000000000000_BEC_2000  |7 0  |8 A  |9 413332  |a BIBDER  |b BIBDER  |d 2019-11-22  |i 4418093  |o 364.01 BEC 2000  |p 4418093  |r 2023-01-25  |w 2019-11-22  |y BK  |k DER 
952 |0 0  |1 0  |4 0  |6 364_010000000000000_BEC_2000  |7 0  |8 A  |9 413333  |a BIBDER  |b BIBDER  |d 2019-11-22  |i 4452399  |o 364.01 BEC 2000  |p 4452399  |r 2023-01-25  |w 2019-11-22  |y BK  |k DER 
952 |0 0  |1 0  |4 0  |6 364_010000000000000_BEC_2000  |7 0  |8 A  |9 413334  |a BIBDER  |b BIBDER  |d 2019-11-22  |i 4452402  |o 364.01 BEC 2000  |p 4452402  |r 2023-01-25  |w 2019-11-22  |y BK  |k DER 
952 |0 0  |1 0  |4 0  |6 364_010000000000000_BEC_2000  |7 0  |8 A  |9 413335  |a BIBDER  |b BIBDER  |d 2019-11-22  |i 4452410  |o 364.01 BEC 2000  |p 4452410  |r 2023-01-25  |w 2019-11-22  |y BK  |k DER 
952 |0 0  |1 0  |4 0  |6 364_010000000000000_BEC_2000  |7 0  |8 A  |9 413336  |a BIBDER  |b BIBDER  |d 2019-11-22  |i 4452429  |o 364.01 BEC 2000  |p 4452429  |r 2023-01-25  |w 2019-11-22  |y BK  |k DER 
952 |0 0  |1 0  |4 0  |6 364_010000000000000_BEC_2000  |7 0  |8 A  |9 413337  |a BIBDER  |b BIBDER  |d 2019-11-22  |i 4452437  |o 364.01 BEC 2000  |p 4452437  |r 2023-01-25  |w 2019-11-22  |y BK  |k DER 
952 |0 0  |1 0  |4 0  |6 364_010000000000000_BEC_2000  |7 0  |8 A  |9 413338  |a BIBDER  |b BIBDER  |d 2019-11-22  |i 4452445  |o 364.01 BEC 2000  |p 4452445  |r 2023-01-25  |w 2019-11-22  |y BK  |k DER 
952 |0 0  |1 0  |4 0  |6 364_010000000000000_BEC_2000  |7 0  |8 A  |9 413339  |a BIBDER  |b BIBDER  |d 2019-11-22  |i 4452453  |o 364.01 BEC 2000  |p 4452453  |r 2023-01-25  |w 2019-11-22  |y BK  |k DER